000 00466nam a2200145Ia 4500
003 OSt
005 20260202155025.0
008 211028s2019 xx 000 0 und d
040 _cAIMIT LIBRARY
041 _aeng
100 _aDsouza, Heziel Raisa; Kudtarkar, Ravi.
_g1716068
_98047
245 _aStudy on customer perception on financial services provided by Geojit Financial Services Ltd. Udupi /
260 _aMangalore
_bRavi Kudtarkar
_c2019
942 _2ddc
_cPRO
999 _c219615
_d219615